| 000 | 01453cam a2200289 a 4500 | ||
|---|---|---|---|
| 001 | 17484830 | ||
| 005 | 20141209150950.0 | ||
| 008 | 121004t2013 xxua frb 001 0 eng d | ||
| 010 | _a2012406537 | ||
| 020 | _a9780123869432 (pbk.) | ||
| 020 | _a0123869439 (pbk.) | ||
| 040 |
_aYDXCP _cYDXCP _dBWX _dCDX _dDPL _dSGB _dTSU _dDLC _dEG-ScBUE |
||
| 082 | 0 | 0 |
_a368.01 _222 _bSZA |
| 100 | 1 |
_aSzabo, Fred E. _936838 |
|
| 245 | 1 | 0 |
_aActuaries' survival guide : _bhow to succeed in one of the most desirable professions / _cFred E. Szabo. |
| 250 | _a2nd ed. | ||
| 260 |
_aWaltham, United States ; _aOxford, United Kingdom : _bAcademic Press, _bElsevier, _cc.2013. |
||
| 300 |
_axxiii, 271 p. : _btables ; _c23 cm. |
||
| 500 | _aIndex : p. 263-271. | ||
| 504 | _aBibliography : p. 261-262. | ||
| 505 | 0 | _aActuarial careers-Actuarial education- Actuarial jobs. | |
| 520 | _aThis book explains what actuaries are, what they do, and where they do it. It describes the ideas, techniques, and skills involved in the day-to-day work of actuaries. This second edition has been updated to reflect the rise of social networking and the internet, the progress toward a global knowledge-based economy, and the global expansion of the actuarial field that has occurred since the first edition.-from publisher description | ||
| 650 | 0 |
_aActuaries _xVocational guidance _936839 |
|
| 653 |
_bBUSADM _cDecember2014 |
||
| 655 |
_vreading book _934232 |
||
| 942 |
_2ddc _k368.01 SZA |
||
| 999 |
_c18738 _d18710 |
||